00944 2200313 4500001002100000005001700021008004100038020001800079035002400097082001300121090002000134100001700154245019600171250001100367260002800378300002500406500003700431500001100468650001400479700002300493700002200516850001500538980001500553985000600568986000900574999001500583999001500598990001700613YOGYA-0209000003701020090227025211.0 ind  a979-688-230-2 0010-020900000037010 a133.3337 a133.3337bBro F aBROWN, Simon aFeng Shui praktisbmenata mendekorasi dan mempercantik rumah untuk meningkatkan kesehatan kekayaan dan kebahagian andacSimon Brown ; penerjemah, Endah W. Sukaksono ; editor, Deborah Hutauruk aCet. 1 aJakartabErlanggac2001 a160 hlmbilusc26 cm aJudul asli : Practical feng shui aIndeks aFeng Shui aSukaksono, Endah W aHutauruk, Deborah aYOPDYOG(B) a04-07-2006 a2 aMrbd a05B0009043 a05B0009044 a9043-PD/B.05